| 000 | 00911nam a2200241 a 4500 | ||
|---|---|---|---|
| 001 | 000028495 | ||
| 005 | 20240412074254.0 | ||
| 008 | 110408s2010 dr r 001 p spa d | ||
| 040 |
_aDO-SdBNP _bspa _cBNPHU |
||
| 082 |
_aRD861.5 _bB928i |
||
| 100 | 1 |
_aBueno, Augusto, _d1974- _955461 |
|
| 245 | 1 | 0 |
_aIntrospección del retorno / _cAugusto Bueno. |
| 260 |
_aSanto Domingo : _bSociedad Cultural Renovación, _c2010. _fLa Unión, |
||
| 300 |
_a78 p. ; _c23 cm. |
||
| 490 | 1 | _aEdiciones Renovación | |
| 586 | _aPremio Emilio Prud'Homme, Concurso Literario "Por nuestro país primero", Categoría poesía, 2009. | ||
| 590 | _aInventariado, 2019 / DG | ||
| 650 | 0 |
_aPoesía dominicana _966 |
|
| 650 | 0 |
_aLiteratura dominicana. _967 |
|
| 710 | 2 |
_aSociedad Cultural Renovación (Puerto Plata, República Dominicana) _924896 |
|
| 830 | 0 |
_aEdiciones Renovación _936270 |
|
| 910 | _aValidado. Control de calidad. EMS | ||
| 999 |
_c27987 _d27987 |
||